| 000 | 00584nam a2200217 a 4500 | ||
|---|---|---|---|
| 001 | BRL_200 | ||
| 005 | 20190320210630.0 | ||
| 008 | 840411s1945 mx-#######---#000-0#spa-# | ||
| 040 |
_aDLC _cCarP _dDLC |
||
| 041 | _aspa | ||
| 044 | _amx | ||
| 050 | 4 |
_aPQ7261.H5 _b.R6 1945 |
|
| 245 | 1 | 0 | _aRomances de la Guerra de Independencia. |
| 260 |
_aMéxico _bSEP _c1945 |
||
| 300 |
_a86 p. _c20 cm. |
||
| 440 | 0 |
_aBiblioteca enciclopedica popular _v71 _923204 |
|
| 500 | _aAu254 | ||
| 651 | 4 |
_aMéxico _xHistoria _yGuerra de Independencia, 1810-1821 _923205 |
|
| 902 | _aGRL | ||
| 942 |
_2lcc _cB |
||
| 999 |
_c9013 _d9013 |
||